| 000 | 00676nam a2200169 i 4500 | ||
|---|---|---|---|
| 001 | 184924 | ||
| 003 | ES-MaACL | ||
| 005 | 20230906222317.0 | ||
| 008 | 160219s1927 sp |||| | spa d | ||
| 100 | 1 |
_aMartí Grajales, Francisco. _9158822 |
|
| 245 | 1 | 0 |
_aEnsayo de un diccionario biográfico de los poetas que florecieron en el Reino de Valencia hasta el año 1700 / _cpor Francisco Martí Grajales. |
| 260 |
_aMadrid : _bRev. de Archivos, _c1927. |
||
| 300 |
_a482 p. ; _c29 cm. |
||
| 650 | 4 |
_aPoesía española- _zValencia (Reino)- _vBiobibliografías. _9158823 |
|
| 650 | 4 |
_aPoesía catalana- _zValencia (Reino)- _vBiobibliografías. _9158824 |
|
| 852 |
_aES-MaACL _jB-12042 |
||
| 999 |
_c184924 _d184924 |
||